Mathematical methods in chemical engineering (Record no. 25039)

000 -LEADER
fixed length control field 00548nam a22002051 4500
001 - CONTROL NUMBER
control field 25039
003 - CONTROL NUMBER IDENTIFIER
control field BD-DhUET
008 - FIXED-LENGTH DATA ELEMENTS--GENERAL INFORMATION
fixed length control field 730313s1963 xx 000 0 eng
040 ## - CATALOGING SOURCE
Original cataloging agency DLC
Transcribing agency OClU
Modifying agency BD-DhUET
082 ## - DEWEY DECIMAL CLASSIFICATION NUMBER
Classification number 660.28
Item number JEN/1963
100 ## - MAIN ENTRY--PERSONAL NAME
Personal name Jenson, V. G.
245 10 - TITLE STATEMENT
Title Mathematical methods in chemical engineering
250 ## - EDITION STATEMENT
Edition statement 1st ed.
260 ## - PUBLICATION, DISTRIBUTION, ETC. (IMPRINT)
Place of publication, distribution, etc. London
Name of publisher, distributor, etc. Academic Press
Date of publication, distribution, etc. 1963
300 ## - PHYSICAL DESCRIPTION
Extent xi, 556 p.
Other physical details illus.
Dimensions 24cm.
504 ## - BIBLIOGRAPHY, ETC. NOTE
Bibliography, etc Includes bibliographies
650 #0 - SUBJECT ADDED ENTRY--TOPICAL TERM
Topical term or geographic name as entry element Chemical engineering
700 ## - ADDED ENTRY--PERSONAL NAME
Personal name Jeffreys, G. V.
942 ## - ADDED ENTRY ELEMENTS (KOHA)
Koha item type General Book
Holdings
Koha date last seen Koha normalized classification for sorting Lost status Koha item type Location (home branch) Damaged status Koha full call number Sublocation or collection (holding branch) Piece designation (barcode) Not for loan Source of classification or shelving scheme Withdrawn status Copy number Date acquired Price effective from Shelving location
2015-05-12660_280000000000000_JEN_1963 General BookCentral Library, BUET 660.28/JEN/1963Central Library, BUET22438   12015-05-122015-05-12Circulation section
2015-05-12660_280000000000000_JEN_1963 General BookCentral Library, BUET 660.28/JEN/1963Central Library, BUET22440   22015-05-122015-05-12Circulation section
2015-05-12660_280000000000000_JEN_1963 General BookCentral Library, BUET 660.28/JEN/1963Central Library, BUET22434   32015-05-122015-05-12Circulation section
2015-05-18660_280000000000000_JEN_1963 General BookCentral Library, BUET 660.28/JEN/1963Central Library, BUET22432   42015-05-182015-05-18Circulation section
2015-05-18660_280000000000000_JEN_1963 General BookCentral Library, BUET 660.28/JEN/1963Central Library, BUET22435   52015-05-182015-05-18Circulation section
2015-05-18660_280000000000000_JEN_1963 General BookCentral Library, BUET 660.28/JEN/1963Central Library, BUET29450   62015-05-182015-05-18Circulation section
2015-05-18660_280000000000000_JEN_1963 General BookCentral Library, BUET 660.28/JEN/1963Central Library, BUET29449   72015-05-182015-05-18Circulation section
2015-05-18660_280000000000000_JEN_1963 General BookCentral Library, BUET 660.28/JEN/1963Central Library, BUET29448   82015-05-182015-05-18Circulation section
2015-05-18660_280000000000000_JEN_1963 General BookCentral Library, BUET 660.28/JEN/1963Central Library, BUET29457   92015-05-182015-05-18Circulation section
2015-05-18660_280000000000000_JEN_1963 General BookCentral Library, BUET 660.28/JEN/1963Central Library, BUET29454   102015-05-182015-05-18Circulation section
2015-05-18660_280000000000000_JEN_1963 General BookCentral Library, BUET 660.28/JEN/1963Central Library, BUET29453   112015-05-182015-05-18Circulation section
2015-05-18660_280000000000000_JEN_1963 General BookCentral Library, BUET 660.28/JEN/1963Central Library, BUET29451   122015-05-182015-05-18Circulation section
2015-05-18660_280000000000000_JEN_1963 General BookCentral Library, BUET 660.28/JEN/1963Central Library, BUET22431   132015-05-182015-05-18Circulation section
2015-05-18660_280000000000000_JEN_1963 General BookCentral Library, BUET 660.28/JEN/1963Central Library, BUET29452   142015-05-182015-05-18Circulation section
2015-05-18660_280000000000000_JEN_1963 General BookCentral Library, BUET 660.28/JEN/1963Central Library, BUET22436   152015-05-182015-05-18Circulation section
2015-06-17660_280000000000000_JEN_1963 Reading ItemCentral Library, BUET 660.28/JEN/1963Central Library, BUET29456   162015-06-172015-06-17Reading section
2015-06-18660_280000000000000_JEN_1963 Reading ItemCentral Library, BUET 660.28/JEN/1963Central Library, BUET29455.   172015-06-182015-06-18Reading section
2015-07-10660_280000000000000_JEN_1963 Reading ItemCentral Library, BUET 660.28/JEN/1963Central Library, BUET22439   182015-07-102015-07-10Reading section